| 000 | 00978cam a22002295a 4500 | ||
|---|---|---|---|
| 005 | 20081020032651.0 | ||
| 008 | 081003s2008 ii ab b 001 0 eng | ||
| 010 | _aENG-92623 | ||
| 020 | _c150.00 | ||
| 035 | _aEN-76156 | ||
| 037 | _bDBAD / PUB | ||
| 040 |
_adpl _bEnglish |
||
| 082 | _a342.540686 | ||
| 100 | _aVenkataraman, M. | ||
| 245 |
_aService matters in central government jobs: _cby M. Venkataraman _ban introduction for new/prospective entrants to central government jobs / |
||
| 260 |
_aChennai _bM. Venkataraman _c(200?) |
||
| 270 |
_aF-2, Navin Madhuvandhan, 94, Brindavan Street, West Mambalam, _bChennai _e600033 |
||
| 300 |
_aviii, 152p. _c22cm (pbk) |
||
| 651 |
_aIndia _xOfficials and employees _xSalaries, etc. |
||
| 942 |
_2ddc _cEN _mVEN _h342.540686 |
||
| 999 |
_c22476 _d22476 |
||